| 000 | 01059nam a22003137a 4500 | ||
|---|---|---|---|
| 003 | CHAP | ||
| 005 | 20220329143740.0 | ||
| 008 | 110531s1967 mx a r 00010 spa d | ||
| 010 | _a101357 | ||
| 011 | _a102329 | ||
| 035 | _a113017 | ||
| 040 | _cCHAP | ||
| 082 | 0 | 4 |
_a510 _bF89 |
| 100 | 0 | 0 |
_aFreudenthal, Hans. _943254 |
| 245 | 1 | 4 |
_aLas matemáticas en la vida cotidiana _c/por Hans Freudenthal |
| 260 |
_aMadrid : _bGuadarrama : _bMcGraw-Hill, _cc1967 |
||
| 300 |
_a253 p. : _bilus. |
||
| 490 |
_aBiblioteca para el hombre actual _v; 20 |
||
| 534 |
_pTít. original _tMathematik und wissenschaft im tâglichen leben |
||
| 590 |
_aBATCH-UPD _b10 _c20130110 _lUCH01 _h1821 |
||
| 590 |
_aBATCH-UPD _b10 _c20130410 _lUCH01 _h1154 |
||
| 590 |
_aBATCH-UPD _b10 _c20130914 _lUCH01 _h0621 |
||
| 590 |
_aCONVERSION _b10 _c20130109 _lUCH01 _h1356 |
||
| 650 | 1 | 4 |
_aMatemáticas _xFilosofía. _972905 |
| 830 | 0 |
_aBiblioteca para el hombre actual _v; 20 _912456 |
|
| 901 | _aBK | ||
| 942 | _cLIBRO | ||
| 949 |
_a510 F89 _bBC _cLIBRO _d33724002247371 _eLIBRO _h115086 _i113017 _si |
||
| 999 |
_c101357 _d101357 |
||